| 000 | 00648nam a2200241Ia 4500 | ||
|---|---|---|---|
| 003 | OSt | ||
| 005 | 20220925232833.0 | ||
| 006 | a|||||r|||| 00| 0 | ||
| 007 | ta | ||
| 008 | 220923b |||||||| |||| 00| 0 eng d | ||
| 037 | _cGeneral Book | ||
| 040 |
_aRTL _cRTL _beng |
||
| 041 |
_2eng _aeng |
||
| 082 | _aD854.1.N9, N6/UN | ||
| 110 |
_aUNECE _9297836 |
||
| 245 | 0 | _a1979 convention on long range transboundary air po | |
| 260 |
_aNew York _bUN _c1996 |
||
| 300 |
_a79p _ccm. |
||
| 650 |
_aPollution _9297837 |
||
| 700 |
_aUNECE _9268271 |
||
| 942 |
_hD854.1.N9, N6/UN _cGB _2CC |
||
| 999 |
_c592278 _d592278 |
||